Khảo sat nhu cầu bồi dưỡng của giáo viên Vật lý các trường Trung học phổ thông trên địa bàn thành phố Đà Nẵng - tỉnh Quảng Nam và đề xuất các chương trình bồi dưỡng giáo viên.

Đã lưu trong:
Bibliografiske detaljer
Hovedforfatter: Lê Hồng Sơn (Chủ nhiệm đề tài)
Format: Bog
Udgivet: 2014
Tags: Tilføj Tag
Ingen Tags, Vær først til at tagge denne postø!
Thư viện lưu trữ: Mạng thư viện Đại học Đà Nẵng
LEADER 00890nam a2200229 4500
001 000023274
003 19724
005 20150814140859.0
008 150814s2014 sd
100 1 |a Lê Hồng Sơn  |e Chủ nhiệm đề tài 
245 1 0 |a Khảo sat nhu cầu bồi dưỡng của giáo viên Vật lý các trường Trung học phổ thông trên địa bàn thành phố Đà Nẵng - tỉnh Quảng Nam và đề xuất các chương trình bồi dưỡng giáo viên.  |c Lê Hồng Sơn 
260 |c 2014 
500 |a Đề tài NCKH cấp Trường Đại học Sư Phạm Đà Nẵng . Mã số : T2013-03-39 
OWN |a LSP 
999 |a From the UDN01 
TYP |a Mixed Materials 
TYP |a Monograph 
TYP |a Printed language 
980 |a Mạng thư viện Đại học Đà Nẵng